Mares del sur / (Record no. 32220)

MARC details
000 -LEADER
campo de control de longitud fija 00819nam a2200253 i 4500
001 - NÚMERO DE CONTROL
campo de control 32220
003 - IDENTIFICADOR DE NÚMERO DE CONTROL
campo de control ES-MaACL
005 - FECHA Y HORA DE LA ÚLTIMA TRANSACCIÓN
campo de control 20250831121908.0
007 - CAMPO FIJO DE DESCRIPCIÓN FÍSICA--INFORMACIÓN GENERAL
campo de control de longitud fija t|
008 - DATOS DE LONGITUD FIJA--INFORMACIÓN GENERAL
campo de control de longitud fija 030130s1953 sp ||||1| spa d
100 1# - ENTRADA PRINCIPAL--NOMBRE DE PERSONA
Nombre de persona Bernatzik, Hugo Adolf.
9 (RLIN) 28305
245 10 - MENCIÓN DEL TÍTULO
Título Mares del sur /
Mención de responsabilidad, etc. Hugo Adolf Bernatzik ; traducción del alemán por Manuel Tamayo.
250 ## - MENCION DE EDICION
Mención de edición 1ª ed.
260 ## - PUBLICACIÓN, DISTRIBUCIÓN, ETC.
Lugar de publicación, distribución, etc. Barcelona :
Nombre del editor, distribuidor, etc. Destino,
Fecha de publicación, distribución, etc. [1953] (
Fabricante Clarasó)
300 ## - DESCRIPCIÓN FÍSICA
Extensión 242 p., 85 lám. :
Otras características físicas il. ;
Dimensiones 22 cm.
490 1# - MENCIÓN DE SERIE
Mención de serie Ser o no ser
651 #4 - PUNTO DE ACCESO ADICIONAL DE MATERIA--NOMBRE GEOGRÁFICO
Nombre geográfico Islas Salomón-
Subdivisión general Descripción.
9 (RLIN) 169053
651 #4 - PUNTO DE ACCESO ADICIONAL DE MATERIA--NOMBRE GEOGRÁFICO
Nombre geográfico Nueva Guinea-
Subdivisión general Descripción.
9 (RLIN) 169054
651 #4 - PUNTO DE ACCESO ADICIONAL DE MATERIA--NOMBRE GEOGRÁFICO
Nombre geográfico Bali-
Subdivisión general Descripción.
9 (RLIN) 169055
700 1# - ENTRADA AGREGADA--NOMBRE PERSONAL
Nombre de persona Tamayo, Manuel,
Fechas asociadas al nombre 1917-1977
9 (RLIN) 160966
830 0# - PUNTO DE ACCESO ADICIONAL DE SERIE-TÍTULO UNIFORME
Título uniforme Ser o no ser
9 (RLIN) 181425
852 ## - LOCALIZACIÓN
Ubicación ES-MaACL
Número de control de estantería C-5863
Sublocalización o colección R.34571
Holdings
Estatus retirado Estado de pérdida Estado de daño No para préstamo Biblioteca de origen Biblioteca actual Ubicación en estantería Fecha de adquisición Fuente de adquisición Total de préstamos Signatura topográfica completa Código de barras Visto por última vez Precio de reemplazo Tipo de ítem Koha
        Biblioteca del Ateneo de Madrid Biblioteca del Ateneo de Madrid Sala Palomar 17/01/2008     C-5863 1033356 23/02/2023 23/02/2023 Libro impreso